| 000 | 01047nam a22003377a 4500 | ||
|---|---|---|---|
| 003 | CHAP | ||
| 005 | 20220817044521.0 | ||
| 008 | 120417s1987 it rn 00010 eng d | ||
| 010 | _a103087 | ||
| 011 | _a104059 | ||
| 035 | _a114748 | ||
| 040 | _cCHAP | ||
| 090 | _aFolleto 18169 | ||
| 110 | 2 | _aFAO | |
| 245 | 1 | 0 |
_aModest but vital : _btraditional food plants feed the rural poor _c/por FAO |
| 260 |
_aRome : _bFAO, _c[1987] |
||
| 300 | _a3 p. | ||
| 500 | _aWFD/1/87 | ||
| 590 |
_aBATCH-UPD _b10 _c20130110 _lUCH01 _h1337 |
||
| 590 |
_aBATCH-UPD _b10 _c20130410 _lUCH01 _h0840 |
||
| 590 |
_aBATCH-UPD _b10 _c20130914 _lUCH01 _h0225 |
||
| 590 |
_aCONVERSION _b10 _c20130109 _lUCH01 _h1357 |
||
| 650 | 1 | 4 |
_aAlimentos _xConsumo _xPaíses subdesarrollados. _94195 |
| 650 | 1 | 4 |
_aPlantas comestibles. _988906 |
| 650 | 1 | 4 |
_aPlantas silvestres. _989083 |
| 650 | 1 | 4 |
_aPoblación rural. _989447 |
| 650 | 1 | 4 |
_aTubérculos y cultivos de raíz. _9115479 |
| 901 | _aBK | ||
| 942 | _cFOLL | ||
| 949 |
_aFolleto 18169 _bBC _cFAO _d33724002100066 _eFAO1 _i114748 _sb |
||
| 999 |
_c103087 _d103087 |
||